La sal de la tierra. Cristianismo e Iglesia Católica ante el nuevo milenio. Una conversación con Peter Seewald.
Kaydedildi:
| Yazar: | |
|---|---|
| Diğer Yazarlar: | , |
| Materyal Türü: | Kitap |
| Dil: | İngilizce |
| Baskı/Yayın Bilgisi: |
Madrid, España:
Ediciones Palabra,
2005.
|
| Edisyon: | Quinta edición. |
| Seri Bilgileri: | Colección Libros Palabra,
19. |
| Konular: | |
| Etiketler: |
Etiketle
Etiket eklenmemiş, İlk siz ekleyin!
|
MARC
| LEADER | 00000nam a22000007a 4500 | ||
|---|---|---|---|
| 003 | CL-VaPUC | ||
| 005 | 20250103100419.0 | ||
| 008 | 220215t2005 ||||| |||| 00| 0 eng d | ||
| 999 | |c 434429 |d 434427 | ||
| 020 | |a 84-8239-920-9 | ||
| 040 | |c Pontificia Universidad Católica de Valparaíso | ||
| 082 | |a 282.092 RAT 2005 |2 22 | ||
| 100 | 1 | |a Ratzinger, Joseph, Cardenal |9 866205 | |
| 245 | |a La sal de la tierra. |b Cristianismo e Iglesia Católica ante el nuevo milenio. Una conversación con Peter Seewald. | ||
| 246 | |a Quién es y cómo piensa Benedicto XVI. | ||
| 250 | |a Quinta edición. | ||
| 260 | |a Madrid, España: |b Ediciones Palabra, |c 2005. | ||
| 300 | |a 310 páginas. | ||
| 490 | |a Colección Libros Palabra, |v 19. | ||
| 500 | |a c.1 Donación Familia Prof. Alejandro Guzmán Brito. | ||
| 583 | |c 20220215 |k Yessy Stephany Diaz Vidal | ||
| 600 | 0 | |a Benedicto XVI, Papa, |d 1927-2022 |q Ratzinger, Joseph |e autor |9 866206 | |
| 650 | 0 | |a Iglesia Católica |x Siglo 20 |x Papas |9 256114 | |
| 700 | |a Seewald, Peter |e autor |9 591503 | ||
| 700 | |a Arregui Núñez, Carla |e traducción |9 866207 | ||
| 942 | |2 ddc |c BK |n 0 | ||
| 952 | |0 0 |1 0 |2 ddc |4 0 |6 282_092000000000000_RAT_2005 |7 1 |8 C_AGB |9 581302 |a BIBDER |b BIBDER |d 2022-02-15 |e Donación |i 5646480 |o 282.092 RAT 2005 |p 5646480 |r 2023-01-25 |t 1 |w 2022-02-15 |y BK_US |k AGB | ||